Calendario civil para 1870 (Record no. 166469)

MARC details
000 -LEADER
campo de control de longitud fija 00734nam a2200181 i 4500
001 - NÚMERO DE CONTROL
campo de control 166469
003 - IDENTIFICADOR DE NÚMERO DE CONTROL
campo de control ES-MaACL
005 - FECHA Y HORA DE LA ÚLTIMA TRANSACCIÓN
campo de control 20230906213336.0
008 - DATOS DE LONGITUD FIJA--INFORMACIÓN GENERAL
campo de control de longitud fija 050913s1869 sp |||| |dspa d
080 ## - NÚMERO DE LA CLASIFICACIÓN DECIMAL UNIVERSAL
Número de la Clasificación Decimal Universal (059)(460)"18"
245 00 - MENCIÓN DEL TÍTULO
Título Calendario civil para 1870
Resto del título : formado con los santos mártires y defensores de la independencia y libertad de España /
Mención de responsabilidad, etc. con notas históricas y críticas por Cipriano Torrejón.
260 ## - PUBLICACIÓN, DISTRIBUCIÓN, ETC.
Lugar de publicación, distribución, etc. Madrid :
Nombre del editor, distribuidor, etc. [s.n.],
Fecha de publicación, distribución, etc. 1869 (
Fabricante Imp. de José Noguera)
300 ## - DESCRIPCIÓN FÍSICA
Extensión 100 p. ;
Dimensiones 13 cm.
650 #4 - PUNTO DE ACCESO ADICIONAL DE MATERIA--TÉRMINO DE MATERIA
Término de materia o nombre geográfico como elemento de entrada Calendarios.
9 (RLIN) 10680
700 1# - ENTRADA AGREGADA--NOMBRE PERSONAL
Nombre de persona Torrejón, Cipriano.
9 (RLIN) 133319
700 1# - ENTRADA AGREGADA--NOMBRE PERSONAL
Nombre de persona Noguera, José.
9 (RLIN) 130510
852 ## - LOCALIZACIÓN
Ubicación ES-MaACL
Número de control de estantería T-407-F-15
Nota libre - Enc. hol., falto de cub. original
-- - Enc. en un vol. facticio
Holdings
Estatus retirado Estado de pérdida Estado de daño No para préstamo Colección Biblioteca de origen Biblioteca actual Ubicación en estantería Fecha de adquisición Total de préstamos Signatura topográfica completa Código de barras Visto por última vez Precio de reemplazo Tipo de ítem Koha
        Colección de folletos Biblioteca del Ateneo de Madrid Biblioteca del Ateneo de Madrid Depósito folletos 17/01/2008   T-407-F-15 1174594 23/02/2023 23/02/2023 Folleto